Central Library OPAC University of Rajshahi

Environmental ethics : (Record no. 12969)

MARC details
000 -LEADER
fixed length control field 01260cam a2200349 a 4500
001 - CONTROL NUMBER
control field 12969
003 - CONTROL NUMBER IDENTIFIER
rucl marc code BD-RjUL
005 - DATE AND TIME OF LATEST TRANSACTION
control field 20211208235401.0
008 - FIXED-LENGTH DATA ELEMENTS--GENERAL INFORMATION
fixed length control field 140130s2012 maua b 000 0 eng d
020 ## - INTERNATIONAL STANDARD BOOK NUMBER
International Standard Book Number 9780538452847
International Standard Book Number 0538452846
International Standard Book Number 9781111298067
International Standard Book Number 1111298068
035 ## - SYSTEM CONTROL NUMBER
System control number (BD-RjUL)13019
040 ## - CATALOGING SOURCE
Original cataloging agency BTCTA
Language of cataloging eng
Transcribing agency BTCTA
Modifying agency YDXCP
-- CDC
-- BWX
-- IUL
-- DLC
-- BD-RjUL
041 ## - LANGUAGE CODE
Language code of text/sound track or separate title eng
082 ## - DEWEY DECIMAL CLASSIFICATION NUMBER
Edition number 22
Classification number 179.1
Author mark and year POE 2012
100 1# - MAIN ENTRY--PERSONAL NAME
Personal name Pojman, Louis P.
9 (RLIN) 40419
245 10 - TITLE STATEMENT
Title Environmental ethics :
Remainder of title readings in theory and application /
Statement of responsibility, etc. Louis P. Pojman, Paul Pojman.
250 ## - EDITION STATEMENT
Edition statement 6th ed.
260 ## - PUBLICATION, DISTRIBUTION, ETC. (IMPRINT)
Place of publication, distribution, etc. Boston, Mass. :
Name of publisher, distributor, etc. Wadsworth,
Date of publication, distribution, etc. c2012.
300 ## - PHYSICAL DESCRIPTION
Pagination xiii, 769 p. :
Illustrations ill. ;
Size 24 cm.
504 ## - BIBLIOGRAPHY, ETC. NOTE
Bibliography, etc Includes bibliographical references.
650 #0 - SUBJECT ADDED ENTRY--TOPICAL TERM
Topical term or geographic name as entry element Environmental ethics.
9 (RLIN) 40420
700 1# - ADDED ENTRY--PERSONAL NAME
Personal name Pojman, Paul.
856 42 - ELECTRONIC LOCATION AND ACCESS
Materials specified Publisher description
Uniform Resource Identifier <a href="http://www.loc.gov/catdir/enhancements/fy1215/2010936474-d.html">http://www.loc.gov/catdir/enhancements/fy1215/2010936474-d.html</a>
Materials specified Table of contents only
Uniform Resource Identifier <a href="http://www.loc.gov/catdir/enhancements/fy1215/2010936474-t.html">http://www.loc.gov/catdir/enhancements/fy1215/2010936474-t.html</a>
Materials specified Contributor biographical information
Uniform Resource Identifier <a href="http://www.loc.gov/catdir/enhancements/fy1303/2010936474-b.html">http://www.loc.gov/catdir/enhancements/fy1303/2010936474-b.html</a>
942 ## - ADDED ENTRY ELEMENTS (KOHA)
Source of classification or shelving scheme Dewey Decimal Classification
Koha item type Books
Holdings
Lost status Source of classification or shelving scheme Damaged status Not for loan Collection code Permanent Location Current Location Shelving location Date acquired Source of acquisition Cost, normal purchase price Total Checkouts Full call number Date last seen Copy number Koha item type
  Dewey Decimal Classification   Not For Loan Non-fiction Central Library, University of Rajshahi Central Library, University of Rajshahi Reading Room 06/07/2013 Dhaka, Paragon Enterprise Ltd. 10800.00   179.1 POE 2012 30/01/2014 C-1 Books